Statistics for Top 20 Most Hindu Countries

Click here to take the quiz!

General Stats

  • This quiz has been taken 3,531 times
  • The average score is 11 of 20

Answer Stats

PercentCountry% Correct
73.0%India
100%
67.7%Nepal
95%
13.1%Sri Lanka
87%
9.5%Bangladesh
86%
11.4%Bhutan
83%
6.3%Malaysia
69%
5.3%Singapore
59%
6.6%United Arab Emirates
50%
2.5%Qatar
45%
2.0%Saudi Arabia
44%
6.5%Bahrain
43%
5.5%Oman
43%
3.6%Kuwait
41%
27.7%Fiji
36%
44.2%Mauritius
36%
2.4%South Africa
35%
30.1%Guyana
32%
2.0%New Zealand
30%
20.4%Suriname
30%
24.3%Trinidad and Tobago
26%

Score Distribution

Percentile by Number Answered

Percent of People with Each Score

Your Score History

You have not taken this quiz